Nocturne for the general
| Main Author: | |
|---|---|
| Format: | Book |
| Published: |
London :
The Bodley Head ,
1985
|
| Subjects: |
MARC
| LEADER | 00000cam a2200000 7i4500 | ||
|---|---|---|---|
| 001 | 0000009089 | ||
| 002 | 000009901 | ||
| 005 | 20000330.0 | ||
| 020 | |a 0370308433 | ||
| 090 | 0 | 0 | |a F |b TRE |
| 100 | 1 | |a Trenhaile, John | |
| 245 | 1 | 0 | |a Nocturne for the general |c John Trenhaile |
| 260 | |a London : |b The Bodley Head , |c 1985 | ||
| 300 | |a 300p. ; |c 24cm. | ||
| 650 | 0 | 0 | |a War stories |
| 999 | |a 0002057 |b BUKU |c PINJAMAN |e PERPUSTAKAAN KOMUNITI PETALING JAYA | ||